Teoretické prístupy k optimálnej kapitálovej štruktúre podnikateľských subjektov a ich aplikácia diplomová práca

Enregistré dans:
Détails bibliographiques
Auteur principal: Vadovič, Richard
Collectivité auteur: Národohospodárska fakulta EU. Katedra financií
Autres auteurs: Sivák, Rudolf, 1955-
Format: Livre
Langue:slovaque
Publié: Bratislava 2024
Tags: Ajouter un tag
Pas de tags, Soyez le premier à ajouter un tag!

MARC

LEADER 00000nbm a2200000 4500
001 0300611
005 20250609144145.9
041 0 |a slo 
044 |a SK 
245 1 0 |a Teoretické prístupy k optimálnej kapitálovej štruktúre podnikateľských subjektov a ich aplikácia  |b diplomová práca  |c Richard Vadovič ; školiteľ: Rudolf Sivák 
264 1 |a Bratislava  |c 2024 
300 |a 63 s. 
100 1 |a Vadovič, Richard 
700 1 |a Sivák, Rudolf, 1955- 
710 2 |a Národohospodárska fakulta EU. Katedra financií